00560 2200217 4500001002100000005001700021008004100038035002400079090001800103100001800121245003600139250001000175260004100185300002400226500002700250650001600277850001500293980001300308985000600321999001500327YOGYA-0209000006083920090227035840.0 ind  0010-020900000060839 a621.34bMil B aMILEAF, Harry aBasic electronicscHarry Mileaf aCet.1 a[s.l.]bD.B. Taroporevala Sonsc1974 a...volbilusc22 cm aYang diterima : vol. 5 aElektronika aYOPDYOG(B) a19-09-08 a1 ab000017614